2/ Calendrier de l'Avent - Noël et les prenoms - Statistiques

Statistiques générales
  • Ce quiz a été pris 55 fois
  • Le résultat moyen est 6 sur 24
Statistiques - réponses
Question Réponse % Correct
Autrefois, il était de coutume dans de nombreuses régions de prénommer Noël ou Noëlle un enfant né le 24 ou le 25 décembre VRAI
100%
Noël Gallagher est né un 25 décembre FAUX
67%
Noël Pinot est un saint pour l'église catholique, il a été massacré par des Indiens en 1649 FAUX
67%
Noël Gallagher est l'ancien guitariste du groupe Inxs FAUX
33%
Noël Chabanel est un saint pour l'église catholique, il a été guillotiné en 1794 FAUX
33%
On dit que les porteurs du prénom Noël aiment beaucoup chanter FAUX
33%
Noëlle Perna est une humoriste belge FAUX
33%
Noëlle Cordier est un personnage de la série Les Cordier, juge et flic FAUX
33%
Le prénom Nathalie a pour origine le latin "Natale Domini" qui signigie "Naissance du Seigneur" VRAI
33%
L'homme politique Noël Mamère est né le 25 décembre VRAI
33%
Noël Godin est connu pour avoir entarté de nombreuses personnalités. VRAI
33%
Noël Roquevert était un acteur français né en 1892 VRAI
33%
Une chanteuse prénommé Noëlle est connue pour avoir chanté "Tu t'en vas" avec Alain Barrière en 1975 VRAI
33%
Naël, Nolan, Nyl, Nilo, Manuel, Nelly et encore Novelenn sont d'autres formes des prénoms Noël et Noëlle VRAI
33%
Le poète canadien Noël Audet est né le 25 décembre 1942 FAUX
0%
Une actrice américaine se nomme Noelle Wells FAUX
0%
Noëlle Perna est née un 24 décembre FAUX
0%
Noëlle Lenoir est née le 24 décembre 1948 à Paris FAUX
0%
Un acteur canadien se nomme Noël Burton. VRAI
0%
Noël Roquevert était le pseudonyme d'un acteur qui avait conservé son prénom de naissance VRAI
0%
Noëlle Lenoir était magistrate avant de se lancer en politique VRAI
0%
Noëlle Lenoir a été la première femme et le plus jeune membre jamais nommé au Conseil Constitutionnel en 1992 VRAI
0%
Noëlle Breham est une journaliste qui a co-animé Silence ça pousse ! VRAI
0%
Noël est devenu un prénom très rare, seuls 14 garçons ont été prénommés ainsi en 2020 VRAI
0%
Aucun quiz correspondant
Distribution des résultats
% des personnes avec chaque résultat
Percentile par nombre de réponses
Votre historique - résultats
Vous n’avez pas pris ce quiz